The Cambridge companion to Montaigne / (Record no. 119617)
[ view plain ]
| 000 -LEADER | |
|---|---|
| fixed length control field | 01948cam a22003614a 4500 |
| 001 - CONTROL NUMBER | |
| control field | 13765439 |
| 003 - CONTROL NUMBER IDENTIFIER | |
| control field | ARRUPE |
| 005 - DATE AND TIME OF LATEST TRANSACTION | |
| control field | 20140121141148.0 |
| 008 - FIXED-LENGTH DATA ELEMENTS--GENERAL INFORMATION | |
| fixed length control field | 041029s2005 enk b 001 0 eng |
| 010 ## - LIBRARY OF CONGRESS CONTROL NUMBER | |
| LC control number | 2004062841 |
| 020 ## - INTERNATIONAL STANDARD BOOK NUMBER | |
| International Standard Book Number | 0521819539 (hardback) |
| 020 ## - INTERNATIONAL STANDARD BOOK NUMBER | |
| International Standard Book Number | 052152556X (pb.) |
| 035 ## - SYSTEM CONTROL NUMBER | |
| System control number | (OCoLC)ocm56942182 |
| 040 ## - CATALOGING SOURCE | |
| Original cataloging agency | DLC |
| Transcribing agency | DLC |
| Modifying agency | OCLCQ |
| -- | C#P |
| -- | BAKER |
| -- | PMC |
| -- | IXA |
| -- | DLC |
| 042 ## - AUTHENTICATION CODE | |
| Authentication code | pcc |
| 050 00 - LIBRARY OF CONGRESS CALL NUMBER | |
| Classification number | B785.M74 |
| Item number | C36 2005 |
| 082 00 - DEWEY DECIMAL CLASSIFICATION NUMBER | |
| Classification number | 194 |
| Edition number | 22 |
| 300 ## - PHYSICAL DESCRIPTION | |
| Dimensions | 24 cm. |
| 245 04 - TITLE STATEMENT | |
| Title | The Cambridge companion to Montaigne / |
| Statement of responsibility, etc | edited by Ullrich Langer. |
| 246 30 - VARYING FORM OF TITLE | |
| Title proper/short title | Companion to Montaigne |
| 260 ## - PUBLICATION, DISTRIBUTION, ETC. (IMPRINT) | |
| Place of publication, distribution, etc | Cambridge ; |
| -- | New York : |
| Name of publisher, distributor, etc | Cambridge University Press, |
| Date of publication, distribution, etc | 2005. |
| 300 ## - PHYSICAL DESCRIPTION | |
| Extent | xvii, 247 p. ; |
| 504 ## - BIBLIOGRAPHY, ETC. NOTE | |
| Bibliography, etc | Includes bibliographical references (p. 229-237) and index. |
| 505 0# - FORMATTED CONTENTS NOTE | |
| Formatted contents note | Montaigne's political and religious context / Ullrich Langer -- Montaigne's legacy / Warren Boutcher -- Montaigne and antiquity : fancies and grotesques / John O'Brien -- The Essays and the new world / Tom Conley -- Justice and the law : on the reverse side of the Essays / André Tournon -- Montaigne and the notion of prudence / Francis Goyet -- Montaigne and the truth of the schools / Ian Maclean -- The investigation of nature / George Hoffmann -- Montaigne and skepticism / Ann Hartle -- Montaigne on moral philosophy and the good life / J.B. Schneewind. |
| 600 10 - SUBJECT ADDED ENTRY--PERSONAL NAME | |
| Personal name | Montaigne, Michel de, |
| Dates associated with a name | 1533-1592. |
| 9 (RLIN) | 6827 |
| 700 1# - ADDED ENTRY--PERSONAL NAME | |
| Personal name | Langer, Ullrich. |
| 9 (RLIN) | 6828 |
| 856 41 - ELECTRONIC LOCATION AND ACCESS | |
| Materials specified | Table of contents |
| Uniform Resource Identifier | <a href="http://www.loc.gov/catdir/toc/cam051/2004062841.html">http://www.loc.gov/catdir/toc/cam051/2004062841.html</a> |
| 856 42 - ELECTRONIC LOCATION AND ACCESS | |
| Materials specified | Publisher description |
| Uniform Resource Identifier | <a href="http://www.loc.gov/catdir/description/cam051/2004062841.html">http://www.loc.gov/catdir/description/cam051/2004062841.html</a> |
| 856 42 - ELECTRONIC LOCATION AND ACCESS | |
| Materials specified | Contributor biographical information |
| Uniform Resource Identifier | <a href="http://www.loc.gov/catdir/enhancements/fy0732/2004062841-b.html">http://www.loc.gov/catdir/enhancements/fy0732/2004062841-b.html</a> |
| 906 ## - LOCAL DATA ELEMENT F, LDF (RLIN) | |
| a | 7 |
| b | cbc |
| c | orignew |
| d | 1 |
| e | ocip |
| f | 20 |
| g | y-gencatlg |
| 942 ## - ADDED ENTRY ELEMENTS (KOHA) | |
| Source of classification or shelving scheme | Library of Congress Classification |
| Koha item type | Monograph ( Printed materials) |
| Withdrawn status | Lost status | Source of classification or shelving scheme | Damaged status | Not for loan | Home library | Current library | Date acquired | Total Checkouts | Full call number | Barcode | Date last seen | Price effective from | Koha item type |
|---|---|---|---|---|---|---|---|---|---|---|---|---|---|
| Library of Congress Classification | ARRUPE LIBRARY | ARRUPE LIBRARY | 21/01/2014 | B785.M74 C36 2005 | 464122835 | 21/01/2014 | 21/01/2014 | Monograph ( Printed materials) |